| 000 | 00563nam a2200217 a 4500 | ||
|---|---|---|---|
| 999 |
_c4663 _d4663 |
||
| 001 | 4663 | ||
| 003 | BD-JhCC | ||
| 005 | 20171129173944.0 | ||
| 008 | 171129s1967 bg |||| ||a| 000 0 eng d | ||
| 035 | _a(BD-JhCC)4663 | ||
| 040 |
_aBD-JhCC _dBD-JhCC |
||
| 041 | _aeng | ||
| 082 |
_a956 _bARS 1967 |
||
| 100 | _aArshad, Md | ||
| 245 |
_aAn Advanced History of Muslim Rule in Indo-Pakistan / _cArshad, Md |
||
| 260 |
_aDacca : _bRashida Akter, Ideal Library, _c1967. |
||
| 300 |
_a p. : _c22 cm. |
||
| 650 | _aIslamic Rules | ||
| 942 |
_2ddc _cBK |
||